| 000 | 00516cam a2200205 4500 | ||
|---|---|---|---|
| 008 | 000000n2002 000 0 eng u | ||
| 020 | _a1870776194 | ||
| 035 | _a(Sirsi) u117720 | ||
| 041 | _aeng. | ||
| 050 | _a690.2 | ||
| 110 |
_aWatts and Partners _92303 |
||
| 245 | _aWatts pocket handbook 2002 | ||
| 260 |
_aLondon _bWatts & Partners _c2002 |
||
| 300 |
_av,202p. _c18cm. |
||
| 350 | _a8 | ||
| 650 | _aPROPERTY INDUSTRY | ||
| 650 | _aCONSTRUCTION INDUSTRY | ||
| 690 | _aBUILT ENVIRONMENT | ||
| 942 | _n0 | ||
| 999 |
_c102053 _d102053 |
||